|
|
แสดงรายละเอียดบรรณานุกรม |
|
|
Brief Record
: Get Marc (ISO 2709)
: E-mail record
: |
| LEADER 00000nama 2200000uu 4500 | |||
| 008 040531s2544 th m m a000 0 tha d | |||
| 041 tha | |||
| 050 อ WA540.T5 ก344 2544 | |||
| 100 กองกามโรคกรมควบคุมโรคติดต่อ กระทรวงสาธารณสุข | |||
| 245 รายงานประจำปี 2544 กองกามโรค 002 | |||
| 260 ม.ป.ท. ม.ป.พ. 2544 | |||
| 300 122 หน้า | |||
| 650 กองกามโรค - รายงานประจำปี | |||
| 998 2003-04-18 | |||
| 999 ^aใช้งานได้ทุกระบบ | |||
| คุณยังไม่ได้ล็อกอิน คุณสามารถมีกิจกรรมร่วมกับเว็บไซต์ได้ แต่ต้องล็อกอินก่อน :: |
|
| สถานะ | |||||||||
| 1. | หนังสือทั่วไป | อ WA540.T5 ก344 2544 | On Shelf ขอยืม | ||||||
| [แสดง 1/1 รายการ] | |||||||||
BibComment |
| คอมเมนท์ทรัพยากรรายการนี้ |
|
|